000 00504nam a22001697a 4500
005 20251108163331.0
008 250721s1993 xx 000 0 ara d
082 1 4 _a001.42/نصو
100 1 _aملحس، ثريا
245 1 0 _aنصوص في إعداد البحوث و تحقيق المخطوطات /
264 1 _aنابلس :
_bمكتبة دارالكتاب الجامعي،
_c1993.
300 _a176ص.
650 1 7 _aالأبحاث
650 1 7 _aالمخطوطات
942 _2ddc
_cBK
999 _c76
_d76